Statistics for Roman cities in Italy

Click here to take the quiz!

General Stats

  • This quiz has been taken 94 times
  • The average score is 20 of 32

Answer Stats

Roman nameItalian name% Correct
GenuaGenova
98%
VenetiaeVenezia
96%
NeapolisNapoli
96%
FlorentiaFirenze
96%
RomaRoma
94%
PisaePisa
94%
AnconaAncona
85%
BariumBari
84%
PerusiaPerugia
80%
MediolanumMilano
79%
BononiaBologna
73%
BrundisiumBrindisi
70%
TarentumTaranto
68%
VicetiaVicenza
67%
Capreae InsulaCapri
65%
TergesteTrieste
64%
CatinaCatania
62%
PanormusPalermo
60%
AsculumAscoli Piceno
59%
Augusta TaurinorumTorino
57%
Novum ComumComo
51%
BrixiaBrescia
51%
PataviumPadova
49%
AriminumRimini
47%
Sena IuliaSiena
44%
CaralisCagliari
43%
MutinaModena
40%
TridentumTrento
38%
Augusta PretoriaAosta
38%
TiburTivoli
26%
Urbs VetusOrvieto
22%
LupiaeLecce
21%

Score Distribution

Percentile by Number Answered

Percent of People with Each Score

Your Score History

You have not taken this quiz